000
00247nam a2200097Ia 4500
008
240331s9999 xx 000 0 und d
082
_a
303.6
_b
FEM
100
_a
Giles, W. ed
245
0
_a
Feminists under fire :
_b
exchanges across war zones
942
_c
L
999
_c
1260
_d
1260